<?xml version="1.0" encoding="UTF-8"?>
<collection xmlns="http://www.loc.gov/MARC21/slim">
 <record>
  <leader>02797cam a2200553   4500</leader>
  <controlfield tag="001">1735161977</controlfield>
  <controlfield tag="003">DE-627</controlfield>
  <controlfield tag="005">20240625225003.0</controlfield>
  <controlfield tag="007">tu</controlfield>
  <controlfield tag="008">201008s2020    au |||||      00| ||eng c</controlfield>
  <datafield tag="020" ind1=" " ind2=" ">
   <subfield code="a">9783851612363</subfield>
   <subfield code="9">978-3-85161-236-3</subfield>
  </datafield>
  <datafield tag="035" ind1=" " ind2=" ">
   <subfield code="a">(DE-627)1735161977</subfield>
  </datafield>
  <datafield tag="035" ind1=" " ind2=" ">
   <subfield code="a">(DE-599)HBZHT020562903</subfield>
  </datafield>
  <datafield tag="035" ind1=" " ind2=" ">
   <subfield code="a">(OCoLC)1231982398</subfield>
  </datafield>
  <datafield tag="035" ind1=" " ind2=" ">
   <subfield code="a">(DE-604)BV046919839</subfield>
  </datafield>
  <datafield tag="040" ind1=" " ind2=" ">
   <subfield code="a">DE-627</subfield>
   <subfield code="b">ger</subfield>
   <subfield code="c">DE-627</subfield>
   <subfield code="e">rda</subfield>
  </datafield>
  <datafield tag="041" ind1=" " ind2=" ">
   <subfield code="a">eng</subfield>
  </datafield>
  <datafield tag="044" ind1=" " ind2=" ">
   <subfield code="c">XA-AT</subfield>
  </datafield>
  <datafield tag="084" ind1=" " ind2=" ">
   <subfield code="a">ALT-KA</subfield>
   <subfield code="q">DE-16</subfield>
   <subfield code="2">fid</subfield>
  </datafield>
  <datafield tag="084" ind1=" " ind2=" ">
   <subfield code="a">LF 1780</subfield>
   <subfield code="2">rvk</subfield>
   <subfield code="0">(DE-625)rvk/91245:</subfield>
  </datafield>
  <datafield tag="084" ind1=" " ind2=" ">
   <subfield code="a">15.17</subfield>
   <subfield code="2">bkl</subfield>
  </datafield>
  <datafield tag="084" ind1=" " ind2=" ">
   <subfield code="a">15.27</subfield>
   <subfield code="2">bkl</subfield>
  </datafield>
  <datafield tag="245" ind1="1" ind2="0">
   <subfield code="a">Innovations and inventions in Athens c. 530 to 470 BCE</subfield>
   <subfield code="b">two crucial generations</subfield>
   <subfield code="c">Marion Meyer, Gianfranco Adornato (eds.)</subfield>
  </datafield>
  <datafield tag="264" ind1=" " ind2="1">
   <subfield code="a">Wien</subfield>
   <subfield code="b">Phoibos Verlag</subfield>
   <subfield code="c">2020</subfield>
  </datafield>
  <datafield tag="300" ind1=" " ind2=" ">
   <subfield code="a">294 Seiten, 62 ungezählte Seiten Tafeln</subfield>
   <subfield code="b">Illustrationen</subfield>
  </datafield>
  <datafield tag="336" ind1=" " ind2=" ">
   <subfield code="a">Text</subfield>
   <subfield code="b">txt</subfield>
   <subfield code="2">rdacontent</subfield>
  </datafield>
  <datafield tag="337" ind1=" " ind2=" ">
   <subfield code="a">ohne Hilfsmittel zu benutzen</subfield>
   <subfield code="b">n</subfield>
   <subfield code="2">rdamedia</subfield>
  </datafield>
  <datafield tag="338" ind1=" " ind2=" ">
   <subfield code="a">Band</subfield>
   <subfield code="b">nc</subfield>
   <subfield code="2">rdacarrier</subfield>
  </datafield>
  <datafield tag="490" ind1="1" ind2=" ">
   <subfield code="a">Wiener Forschungen zur Archäologie</subfield>
   <subfield code="v">Band 18</subfield>
  </datafield>
  <datafield tag="583" ind1="1" ind2=" ">
   <subfield code="a">Archivierung/Langzeitarchivierung gewährleistet</subfield>
   <subfield code="f">FID</subfield>
   <subfield code="x">XA-DE-BW</subfield>
   <subfield code="2">pdager</subfield>
   <subfield code="5">DE-16</subfield>
  </datafield>
  <datafield tag="655" ind1=" " ind2="7">
   <subfield code="a">Konferenzschrift</subfield>
   <subfield code="y">2019</subfield>
   <subfield code="z">Wien</subfield>
   <subfield code="0">(DE-588)1071861417</subfield>
   <subfield code="0">(DE-627)826484824</subfield>
   <subfield code="0">(DE-576)433375485</subfield>
   <subfield code="2">gnd-content</subfield>
  </datafield>
  <datafield tag="689" ind1="0" ind2="0">
   <subfield code="d">g</subfield>
   <subfield code="0">(DE-588)4003366-1</subfield>
   <subfield code="0">(DE-627)106389807</subfield>
   <subfield code="0">(DE-576)208851313</subfield>
   <subfield code="a">Athen</subfield>
   <subfield code="2">gnd</subfield>
  </datafield>
  <datafield tag="689" ind1="0" ind2="1">
   <subfield code="d">s</subfield>
   <subfield code="0">(DE-588)4234987-4</subfield>
   <subfield code="0">(DE-627)104905603</subfield>
   <subfield code="0">(DE-576)210385022</subfield>
   <subfield code="a">Wandel</subfield>
   <subfield code="2">gnd</subfield>
  </datafield>
  <datafield tag="689" ind1="0" ind2="2">
   <subfield code="d">s</subfield>
   <subfield code="0">(DE-588)4071507-3</subfield>
   <subfield code="0">(DE-627)104642874</subfield>
   <subfield code="0">(DE-576)209184205</subfield>
   <subfield code="a">Funde</subfield>
   <subfield code="2">gnd</subfield>
  </datafield>
  <datafield tag="689" ind1="0" ind2=" ">
   <subfield code="5">(DE-627)</subfield>
  </datafield>
  <datafield tag="700" ind1="1" ind2=" ">
   <subfield code="a">Meyer, Marion</subfield>
   <subfield code="d">1954-</subfield>
   <subfield code="e">HerausgeberIn</subfield>
   <subfield code="0">(DE-588)136473555</subfield>
   <subfield code="0">(DE-627)584066376</subfield>
   <subfield code="0">(DE-576)301038813</subfield>
   <subfield code="4">edt</subfield>
  </datafield>
  <datafield tag="700" ind1="1" ind2=" ">
   <subfield code="a">Adornato, Gianfranco</subfield>
   <subfield code="d">1976-</subfield>
   <subfield code="e">HerausgeberIn</subfield>
   <subfield code="0">(DE-588)1170173640</subfield>
   <subfield code="0">(DE-627)1037604415</subfield>
   <subfield code="0">(DE-576)512408017</subfield>
   <subfield code="4">edt</subfield>
  </datafield>
  <datafield tag="787" ind1="0" ind2="8">
   <subfield code="i">Rezensiert in</subfield>
   <subfield code="a">Pochmarski, Erwin, 1943 - </subfield>
   <subfield code="t">[Rezension von: Marion Meyer (Hrsg.), Innovations and inventions in Athens c. 530 to 470 BCE. Two crucial generations]</subfield>
   <subfield code="d">2022</subfield>
   <subfield code="w">(DE-627)1813742375</subfield>
  </datafield>
  <datafield tag="830" ind1=" " ind2="0">
   <subfield code="a">Wiener Forschungen zur Archäologie</subfield>
   <subfield code="v">Band 18</subfield>
   <subfield code="9">18</subfield>
   <subfield code="w">(DE-627)515120537</subfield>
   <subfield code="w">(DE-576)046213465</subfield>
   <subfield code="w">(DE-600)2245046-4</subfield>
   <subfield code="x">1606-4712</subfield>
   <subfield code="7">ns</subfield>
  </datafield>
  <datafield tag="856" ind1="4" ind2="2">
   <subfield code="u">https://swbplus.bsz-bw.de/bsz1735161977rez.htm</subfield>
   <subfield code="m">V:DE-576</subfield>
   <subfield code="m">B:DE-16</subfield>
   <subfield code="v">20240625193018</subfield>
   <subfield code="3">Rezension</subfield>
  </datafield>
  <datafield tag="936" ind1="r" ind2="v">
   <subfield code="a">LF 1780</subfield>
   <subfield code="b">Allgemeines</subfield>
   <subfield code="k">Klassische Archäologie</subfield>
   <subfield code="k">Topografie und Grabungspublikationen</subfield>
   <subfield code="k">Ausgrabungspublikationen und topografische Literatur</subfield>
   <subfield code="k">Orte und Landschaften A</subfield>
   <subfield code="k">Athen und Piräus</subfield>
   <subfield code="k">Allgemeines</subfield>
   <subfield code="0">(DE-627)1271710978</subfield>
   <subfield code="0">(DE-625)rvk/91245:</subfield>
   <subfield code="0">(DE-576)201710978</subfield>
  </datafield>
  <datafield tag="936" ind1="b" ind2="k">
   <subfield code="a">15.17</subfield>
   <subfield code="j">Klassische Archäologie</subfield>
   <subfield code="0">(DE-627)106419749</subfield>
  </datafield>
  <datafield tag="936" ind1="b" ind2="k">
   <subfield code="a">15.27</subfield>
   <subfield code="j">Griechische Welt</subfield>
   <subfield code="x">Alte Geschichte</subfield>
   <subfield code="0">(DE-627)106419781</subfield>
  </datafield>
  <datafield tag="951" ind1=" " ind2=" ">
   <subfield code="a">BO</subfield>
  </datafield>
  <datafield tag="990" ind1=" " ind2=" ">
   <subfield code="a">Athen</subfield>
  </datafield>
  <datafield tag="990" ind1=" " ind2=" ">
   <subfield code="a">Wandel</subfield>
  </datafield>
  <datafield tag="990" ind1=" " ind2=" ">
   <subfield code="a">Funde</subfield>
  </datafield>
  <datafield tag="991" ind1=" " ind2=" ">
   <subfield code="a">Rezensiertes Werk</subfield>
  </datafield>
  <datafield tag="999" ind1=" " ind2=" ">
   <subfield code="a">KXP-PPN1735161977</subfield>
   <subfield code="e">4179786931</subfield>
  </datafield>
 </record>
</collection>
